000 00679nam a22002297a 4500
005 20251108174652.0
008 250721s2005 xx 000 0 ara d
020 _a9953162107
082 1 4 _aط/372.242/حيو
100 1 _aبوفاضل، نجم
_eمترجم
245 1 0 _aالحيوانات في الجبال و الغابات /
264 1 _aبيروت :
_bدار المجاني،
_c2005.
300 _a38ص.
490 0 _aالعب وتعلم
650 1 7 _aاطفال
650 1 7 _aالحيوانات
650 1 7 _aالغابات
650 1 7 _aالجبال
653 _aاطفال مرحله متوسطه (6-9)سنوات
942 _2ddc
_cBK
999 _c114966
_d114966